00454nam a2200121Ia 4500008004100000100002100041245016400062245002000226260000900246300002500255440003800280650001400318171207s9999 xx 000 0 und d aHenderson, Linda a‘Someone had to have faith in them as professionals’: an evaluation of an action research project to develop educational leadership across the early years  cLinda Henderson c2017 apages 387-401, 2017 aEducational Action Researchv25:3 aEDUCATION